Prospekt cenného papiera ŽOS Vrútky, a. s. Vrútky

Základné údaje o emitentovi cenného papiera - ŽOS Vrútky, a. s. Údaje o finančnej situácii a predmete podnikania emitenta (charakteristika činnosti, investície). Údaje o cennom papieri.

Gespeichert in:
Bibliographische Detailangaben
1. Verfasser: Moncman, M.
Format: Buchkapitel
Sprache:Slowakisch
Schlagworte:
Tags: Tag hinzufügen
Keine Tags, Fügen Sie das erste Tag hinzu!

MARC

LEADER 00000naa a2200000 4500
001 r026012
005 20230824090322.1
041 0 |a slo 
044 |a SK 
245 1 0 |a Prospekt cenného papiera ŽOS Vrútky, a. s. Vrútky  |c M. Moncman 
520 |a Základné údaje o emitentovi cenného papiera - ŽOS Vrútky, a. s. Údaje o finančnej situácii a predmete podnikania emitenta (charakteristika činnosti, investície). Údaje o cennom papieri. 
610 2 0 |a Slovensko 
610 2 0 |a 1994-1997 
610 2 0 |a papiere cenné 
610 2 0 |a ŽOS Vrútky, a.s. Vrútky 
610 2 0 |a údržba 
610 2 0 |a opravy 
610 2 0 |a prostriedky dopravné 
610 2 0 |a preprava 
100 1 |a Moncman, M.